Statistics for Manchester City scorers in Premier League 2017-2018

Click here to take the quiz!

General Stats

  • This quiz has been taken 54 times
    (48 since last reset)
  • The average score is 11 of 12

Answer Stats

Player Goals % Correct
Sergio Agüero21
100%
Raheem Sterling15
98%
Fernandinho3
98%
Gabriel Jesus8
95%
Nicolas Otamendi4
95%
Leroy Sané8
93%
David Silva8
93%
Kevin De Bruyne7
93%
Bernardo Silva4
91%
Ilkay Gündogan2
79%
Fabian Delph1
60%
Danilo2
56%

Score Distribution

Percentile by Number Answered

Percent of People with Each Score

Your Score History

You have not taken this quiz since the last reset